[Event "GER-ch internet U18 qual 04"]
[Site "Playchess.com INT"]
[Date "2007.06.13"]
[Round "2"]
[White "Gruenke, Paul"]
[Black "Berchtenbreiter, Maximilian"]
[Result "1-0"]
[WhiteElo "2060"]
[BlackElo "2018"]
[PlyCount "213"]
[EventDate "2007.06.13"]
[EventType "swiss (blitz)"]
[EventRounds "7"]
[EventCountry "GER"]
[SourceTitle "EXT 2009"]
[Source "ChessBase"]
[SourceDate "2008.11.26"]
[SourceVersion "1"]
[SourceVersionDate "2008.11.26"]
[SourceQuality "1"]

1. e4 c5 2. Nf3 e6 3. d4 cxd4 4. Nxd4 Nf6 5. Bd3 e5 6. Nb3 d5 7. exd5 Nxd5 8. 0-0 Be7 9. Re1 Nc6 10. Bb5 0-0 11. Bxc6 bxc6 12. Rxe5 Bd6 13. Re1 Bb7 14. N1d2 c5 15. Nf3 c4 16. Nbd4 Re8 17. Rxe8+ Qxe8 18. Bd2 f6 19. Qe1 Qf8 20. Qe6+ Kh8 21. Nf5 Bc5 22. Re1 Nb6 23. Be3 Bb4 24. Bd2 Bc5 25. Bc3 Bd5 26. Qe2 Bf7 27. Ng5 Bg8 28. Ne6 Qc8 29. Nfxg7 Nd5 30. Nxc5 Nxc3 31. bxc3 Qxc5 32. Nh5 Qg5 33. f4 Qc5+ 34. Kh1 Rf8 35. Qe7 Qf2 36. Qe2 Qh4 37. f5 Bd5 38. Ng3 Kg8 39. Qh5 Qf4 40. Rf1 Qd2 41. Qg4+ Kh8 42. Qe2 Qxc3 43. Qe7 Rg8 44. Qd6 Qd4 45. Qf4 Qc3 46. Qf2 h5 47. Rg1 h4 48. Ne2 Qh3 49. Nf4 Qxf5 50. Qxh4+ Kg7 51. Nxd5 Qxd5 52. Qg4+ Kf7 53. Qe2 a5 54. Re1 Qg5 55. Qxc4+ Kg7 56. Qe2 Qh4 57. Rf1 Rh8 58. Qe7+ Kg6 59. Qd6 Re8 60. Kg1 Qg5 61. Qd3+ f5 62. Qd6+ Kf7 63. Qd7+ Re7 64. Qd5+ Kf6 65. Qd6+ Re6 66. Qd4+ Kg6 67. Qf2 Re5 68. Qf4 Qf6 69. Qg3+ Kf7 70. h3 Re2 71. Qb3+ Qe6 72. Rxf5+ Kg6 73. Qxe6+ Rxe6 74. g4 Re1+ 75. Kg2 Rc1 76. Rxa5 Rxc2+ 77. Kg3 Rc4 78. Kh4 Rc3 79. Ra6+ Kf7 80. a4 Rc5 81. a5 Rb5 82. Ra8 Kg7 83. a6 Rb1 84. a7 Ra1 85. Kg5 Kh7 86. h4 Ra5+ 87. Kf6 Ra6+ 88. Ke7 Kg7 89. g5 Kh7 90. h5 Kg7 91. h6+ Kh7 92. Kf7 Ra3 93. Kf6 Ra6+ 94. Ke7 Kg6 95. Rg8+ Kh5 96. a8Q Re6+ 97. Kxe6 Kh4 98. g6 Kh5 99. h7 Kg5 100. g7 Kg4 101. Rf8 Kg5 102. Rf6 Kh5 103. Qd5+ Kh4 104. Rf4+ Kg3 105. Qf3+ Kh2 106. Rh4+ Kg1 107. Rh1# 1-0

[Event "GER-ch internet U18 qual 04"]
[Site "Playchess.com INT"]
[Date "2007.06.13"]
[Round "5"]
[White "Gruenke, Paul"]
[Black "Kim, Oi Sin"]
[Result "0-1"]
[WhiteElo "2060"]
[BlackElo "2088"]
[PlyCount "118"]
[EventDate "2007.06.13"]
[EventType "swiss (blitz)"]
[EventRounds "7"]
[EventCountry "GER"]
[SourceTitle "EXT 2009"]
[Source "ChessBase"]
[SourceDate "2008.11.26"]
[SourceVersion "1"]
[SourceVersionDate "2008.11.26"]
[SourceQuality "1"]

1. e4 e5 2. Nf3 Nc6 3. Bc4 Bc5 4. b4 Bxb4 5. c3 Ba5 6. d4 d6 7. 0-0 Nf6 8. dxe5 dxe5 9. Qxd8+ Nxd8 10. Nxe5 0-0 11. f3 Be6 12. Bg5 Bb6+ 13. Kh1 Bxc4 14. Nxc4 Nd7 15. Rd1 Nc5 16. Be7 Re8 17. Bxc5 Bxc5 18. Rd7 Ne6 19. Nbd2 Rad8 20. Rxd8 Rxd8 21. Nb3 Rd3 22. Rc1 Be7 23. Nb2 Re3 24. Nc4 Re2 25. a3 b5 26. Ne5 Bxa3 27. Rd1 Bd6 28. Nd3 Kf8 29. Kg1 Rc2 30. Rc1 Rxc1+ 31. Ndxc1 c5 32. Kf2 c4 33. Na5 Bc5+ 34. Ke2 Ke7 35. Na2 Nf4+ 36. Kf1 Bb6 37. Nc6+ Kd6 38. Ncb4 a5 39. Nc2 g5 40. g3 Nd3 41. Ke2 Bg1 42. h3 Bh2 43. Ne3 Kc5 44. Nf5 h5 45. Kf1 h4 46. gxh4 gxh4 47. Nxh4 b4 48. cxb4+ axb4 49. Ke2 Be5 50. Kd2 Bf4+ 51. Kd1 Nf2+ 52. Ke2 Nxh3 53. Nf5 Be5 54. Kd2 Ng5 55. Ke3 b3 56. Nc1 b2 57. Ne2 b1Q 58. f4 Qb3+ 59. Kf2 Nxe4+ 0-1

[Event "GER-ch internet U18 qual 04"]
[Site "Playchess.com INT"]
[Date "2007.06.13"]
[Round "3"]
[White "Gruenke, Paul"]
[Black "Maiorov, Daniel"]
[Result "1-0"]
[WhiteElo "2060"]
[BlackElo "1879"]
[PlyCount "145"]
[EventDate "2007.06.13"]
[EventType "swiss (blitz)"]
[EventRounds "7"]
[EventCountry "GER"]
[SourceTitle "EXT 2009"]
[Source "ChessBase"]
[SourceDate "2008.11.26"]
[SourceVersion "1"]
[SourceVersionDate "2008.11.26"]
[SourceQuality "1"]

1. e4 c5 2. Nf3 d6 3. d4 cxd4 4. Nxd4 Nf6 5. Nc3 g6 6. Be3 Bg7 7. f3 Nc6 8. Bc4 0-0 9. Qd2 Bd7 10. 0-0-0 b5 11. Ndxb5 Ne5 12. Bb3 Qb8 13. Nd4 Rc8 14. Bg5 Nc4 15. Qe2 Qb4 16. Bxf6 Bxf6 17. Nd5 Bg5+ 18. f4 Bxf4+ 19. Nxf4 e6 20. Nd3 Qa5 21. Qe1 Qa6 22. h4 e5 23. Ne2 Ba4 24. Bxa4 Qxa4 25. Nc3 Qa6 26. Nb4 Qb7 27. Ncd5 a5 28. Nd3 Rab8 29. Ne3 Nxb2 30. Nxb2 Qxb2+ 31. Kd2 Qxa2 32. h5 Rb2 33. Rc1 Qa3 34. Nd5 Kf8 35. hxg6 fxg6 36. Rxh7 Rcxc2+ 37. Rxc2 Rxc2+ 38. Kxc2 Qa2+ 39. Kd3 Qb3+ 40. Ke2 Qc2+ 41. Kf3 Qd3+ 42. Qe3 Qf1+ 43. Kg3 g5 44. Qf3+ Qxf3+ 45. Kxf3 a4 46. Ra7 a3 47. Rxa3 Kf7 48. Ra7+ Kg6 49. Ne7+ Kh5 50. Nf5 g4+ 51. Kg3 Kg5 52. Rg7+ Kf6 53. Rxg4 d5 54. Nd6 dxe4 55. Nxe4+ Kf5 56. Kf3 Ke6 57. Rg5 Kd5 58. Ke3 Kc4 59. Nf2 Kc3 60. Ke4 Kd2 61. Rxe5 Ke2 62. Rf5 Kd2 63. Rf3 Ke2 64. Re3+ Kxf2 65. g4 Kg2 66. g5 Kf2 67. g6 Kg2 68. g7 Kf2 69. g8Q Kf1 70. Qf7+ Kg2 71. Qf3+ Kh2 72. Re2+ Kg1 73. Qg2# 1-0

[Event "GER-ch internet U18 qual 04"]
[Site "Playchess.com INT"]
[Date "2007.06.13"]
[Round "1"]
[White "Rafiee, Makan"]
[Black "Gruenke, Paul"]
[Result "1-0"]
[WhiteElo "2028"]
[BlackElo "2060"]
[PlyCount "93"]
[EventDate "2007.06.13"]
[EventType "swiss (blitz)"]
[EventRounds "7"]
[EventCountry "GER"]
[SourceTitle "EXT 2009"]
[Source "ChessBase"]
[SourceDate "2008.11.26"]
[SourceVersion "1"]
[SourceVersionDate "2008.11.26"]
[SourceQuality "1"]

1. e4 c5 2. Nf3 d6 3. d4 cxd4 4. Nxd4 Nf6 5. Nc3 a6 6. Bg5 e6 7. f4 Be7 8. Qf3 h6 9. Bh4 g5 10. fxg5 Nfd7 11. Nxe6 fxe6 12. Qh5+ Kf8 13. Bb5 Rh7 14. 0-0+ Kg8 15. g6 Rg7 16. Rf7 Bxh4 17. Qxh6 Rxf7 18. gxf7+ Kxf7 19. Rf1+ Bf6 20. e5 dxe5 21. Ne4 Qb6+ 22. Kh1 axb5 23. Nxf6 Nxf6 24. Qxf6+ Ke8 25. Qf8+ Kd7 26. Rd1+ Qd4 27. Rxd4+ exd4 28. a3 Nc6 29. h4 b4 30. h5 Ra5 31. h6 bxa3 32. bxa3 Ne7 33. Kg1 Rh5 34. Qg7 Kd6 35. h7 Nf5 36. Qf8+ Kd5 37. h8Q Rxh8 38. Qxh8 Bd7 39. g4 Ne7 40. g5 Ba4 41. Qd8+ Ke5 42. Qa5+ b5 43. Qc7+ Kf5 44. Qxe7 Bxc2 45. Qc5+ e5 46. Qxc2+ Kxg5 47. Qe4 1-0

[Event "GER-ch internet U18 qual 01"]
[Site "Playchess.com INT"]
[Date "2007.05.20"]
[Round "6"]
[White "Gruenke, Paul"]
[Black "Kyas, Marcel"]
[Result "0-1"]
[WhiteElo "2060"]
[BlackElo "1942"]
[PlyCount "58"]
[EventDate "2007.05.20"]
[EventType "swiss (blitz)"]
[EventRounds "7"]
[EventCountry "GER"]
[SourceTitle "EXT 2009"]
[Source "ChessBase"]
[SourceDate "2008.11.26"]
[SourceVersion "1"]
[SourceVersionDate "2008.11.26"]
[SourceQuality "1"]

1. e4 c5 2. Nf3 d6 3. d4 cxd4 4. Nxd4 Nf6 5. Nc3 a6 6. f3 e5 7. Nb3 Be6 8. Be3 Nbd7 9. Qd2 Rc8 10. 0-0-0 b5 11. g4 Nb6 12. Na5 d5 13. Bxb6 Qxb6 14. Nxd5 Bxd5 15. exd5 Bc5 16. Re1 0-0 17. Nb3 Bd6 18. g5 Nh5 19. Kb1 b4 20. Qe3 Qc7 21. Bd3 a5 22. Nd2 Nf4 23. Rhg1 Bc5 24. Qe4 Nxd3 25. Qxd3 Bxg1 26. Rxg1 a4 27. Ne4 Qb6 28. Nf6+ gxf6 29. gxf6+ Qxg1+ 0-1

[Event "Regionalliga SW 0607"]
[Site "Bayern"]
[Date "2006.12.10"]
[Round "4.8"]
[White "Gruenke, Paul"]
[Black "Vogel, Robert"]
[Result "1-0"]
[WhiteElo "1991"]
[BlackElo "1438"]
[PlyCount "69"]
[EventDate "2006.10.15"]
[EventType "team-tourn"]
[EventRounds "9"]
[EventCountry "GER"]
[SourceTitle "EXT 2008"]
[Source "ChessBase"]
[SourceDate "2007.11.25"]
[SourceVersion "1"]
[SourceVersionDate "2007.11.25"]
[SourceQuality "1"]
[WhiteTeam "Muenchen Tarrasch II"]
[BlackTeam "Sonthofen"]
[WhiteTeamCountry "GER"]
[BlackTeamCountry "GER"]

1. e4 c5 2. Nf3 Nc6 3. Nc3 g6 4. d4 cxd4 5. Nxd4 Nf6 6. Be3 Bg7 7. Bc4 0-0 8. Bb3 d6 9. f3 Bd7 10. Qd2 a6 11. 0-0-0 Rc8 12. h4 h5 13. g4 Na5 14. Bg5 hxg4 15. h5 Nxh5 16. Rxh5 Nxb3+ 17. cxb3 gxh5 18. Bh6 f6 19. fxg4 hxg4 20. Kb1 Kf7 21. Nf5 Bxf5 22. exf5 Bxh6 23. Qxh6 Rg8 24. Nd5 Rg7 25. Re1 Kg8 26. Rh1 Kf7 27. Qh5+ Kg8 28. Nf4 Qe8 29. Qh6 Kf7 30. Ne6 Qg8 31. Qh5+ Rg6 32. Nf4 Qg7 33. fxg6+ Ke8 34. Qh8+ Qxh8 35. Rxh8+ 1-0

[Event "Deizisau Herbst op 1st"]
[Site "Deizisau"]
[Date "2006.10.30"]
[Round "3"]
[White "Kabisch, Thilo"]
[Black "Gruenke, Paul"]
[Result "1-0"]
[WhiteElo "2283"]
[BlackElo "2030"]
[PlyCount "65"]
[EventDate "2006.10.29"]
[EventType "swiss"]
[EventRounds "7"]
[EventCountry "GER"]
[SourceTitle "EXT 2022"]
[Source "ChessBase"]
[SourceDate "2021.10.06"]
[SourceVersion "1"]
[SourceVersionDate "2021.10.06"]
[SourceQuality "1"]

1. e4 c5 2. Nf3 d6 3. d4 cxd4 4. Nxd4 Nf6 5. Nc3 a6 6. Bc4 e6 7. a3 Be7 8. Ba2 0-0 9. 0-0 b5 10. f4 Qc7 11. f5 e5 12. Nde2 Bb7 13. Bg5 Ng4 14. Ng3 Qc5+ 15. Kh1 Nf2+ 16. Rxf2 Bxg5 17. Rf1 Nd7 18. Qg4 h6 19. Nh5 Nf6 20. Nxf6+ Bxf6 21. Bd5 Bxd5 22. Nxd5 Kh7 23. c3 Rg8 24. Rf3 Qc4 25. Rh3 Bd8 26. Rd1 Qb3 27. Qh5 Ra7 28. f6 Qxb2 29. Qf5+ Kh8 30. fxg7+ Rxg7 31. Rxh6+ Kg8 32. Nf6+ Kf8 33. Rh8+ 1-0

[Event "Nuremberg LGA Cup 3rd"]
[Site "Nuremberg"]
[Date "2006.09.07"]
[Round "1.6"]
[White "Gruenke, Paul"]
[Black "Prusikin, Michael"]
[Result "0-1"]
[WhiteElo "2013"]
[BlackElo "2557"]
[PlyCount "34"]
[EventDate "2006.09.07"]
[EventType "swiss"]
[EventRounds "7"]
[EventCountry "GER"]
[SourceTitle "CBM 114 Extra"]
[Source "ChessBase"]
[SourceDate "2006.11.03"]
[SourceVersion "1"]
[SourceVersionDate "2006.11.03"]
[SourceQuality "1"]

1. e4 e6 2. Nf3 d5 3. e5 c5 4. b4 cxb4 5. a3 Nc6 6. axb4 Bxb4 7. c3 Be7 8. d4 Nh6 9. Bd3 Nf5 10. 0-0 h5 11. Ba3 h4 12. h3 b6 13. Qe2 Na5 14. Nbd2 Kf8 15. Rfb1 Bd7 16. Nh2 Rc8 17. Rc1 Bxa3 0-1

[Event "GER-ch U18"]
[Site "Willingen"]
[Date "2006.06.04"]
[Round "3"]
[White "Gruenke, Paul"]
[Black "Ratkovitch, Dimitri"]
[Result "0-1"]
[WhiteElo "1874"]
[BlackElo "2083"]
[PlyCount "76"]
[EventDate "2006.06.03"]
[EventType "swiss"]
[EventRounds "9"]
[EventCountry "GER"]
[SourceTitle "EXT 2007"]
[Source "ChessBase"]
[SourceDate "2006.11.23"]
[SourceVersion "1"]
[SourceVersionDate "2006.11.23"]
[SourceQuality "1"]

1. e4 d6 2. d4 Nf6 3. Nc3 g6 4. f4 Bg7 5. Nf3 c5 6. Bb5+ Bd7 7. e5 Ng4 8. e6 Bxb5 9. exf7+ Kd7 10. Nxb5 Qa5+ 11. Nc3 cxd4 12. Nxd4 h5 13. h3 Nc6 14. Nde2 Nh6 15. Qd5 Qxd5 16. Nxd5 Rhf8 17. Bd2 Rxf7 18. 0-0-0 h4 19. Bc3 Bxc3 20. Ndxc3 Nd8 21. Rhg1 Nf5 22. g3 hxg3 23. Nxg3 Ne6 24. Nge2 Rg7 25. Ne4 Rh8 26. Rd3 Rh4 27. Kd1 Rgh7 28. Rxg6 Rxh3 29. Kd2 Rxd3+ 30. Kxd3 Rh3+ 31. Kd2 Rh2 32. N4c3 Nxf4 33. Rg4 e5 34. Ke1 Ne3 35. Rg7+ Kc6 36. Rg3 Nxe2 37. Rxe3 Nd4 38. Kd1 Rxc2 0-1

[Event "GER-ch internet U18"]
[Site "Playchess.com INT"]
[Date "2004.03.14"]
[Round "4"]
[White "Gruenke, Paul"]
[Black "Herwig, Christopher"]
[Result "1-0"]
[WhiteElo "1891"]
[BlackElo "1888"]
[PlyCount "69"]
[EventDate "2004.03.14"]
[EventType "swiss (blitz)"]
[EventRounds "7"]
[EventCountry "GER"]
[SourceTitle "EXT 2005"]
[Source "ChessBase"]
[SourceDate "2004.11.15"]
[SourceVersion "1"]
[SourceVersionDate "2004.11.15"]
[SourceQuality "1"]

1. e4 e6 2. d4 d5 3. Nc3 Nf6 4. Bg5 Bb4 5. e5 h6 6. Bd2 Bxc3 7. bxc3 Ne4 8. Qg4 Kf8 9. h4 Nxd2 10. Kxd2 c5 11. Rh3 h5 12. Qf4 c4 13. Rf3 Qe7 14. Nh3 Ke8 15. Ng5 Rf8 16. Rg3 g6 17. Nh7 Rh8 18. Qh6 Qxh4 19. Qg7 Qf4+ 20. Ke1 Rxh7 21. Qxh7 Qe4+ 22. Be2 Nc6 23. Qg8+ Ke7 24. Kd1 b5 25. Rb1 Bb7 26. Qg7 Ba6 27. Qf6+ Kd7 28. Qxf7+ Ne7 29. Bf3 Qh4 30. Rxg6 Qh1+ 31. Kd2 Qxb1 32. Rxe6 b4 33. Qxe7+ Kc8 34. Rc6+ Kb8 35. Qc7# 1-0